Widok standardowy
Widok MARC
Pozycja Corporate Name
Liczba rekordów, w których użyto hasła: 1
001 - Numer kontrolny
- control field: 39759
003 - Identyfikator numeru kontrolnego
- control field: NUKAT
005 - Data i czas ostatniej modyfikacji
- control field: 20260409122646.0
008 - Dane kontrolne kodowane (40 znaków)
- fixed length control field: 060731 n adznnbabn a ana
010 ## - Numer kontrolny Biblioteki Kongresu
- numer kontrolny LC: p 2006551352
035 ## - Numer systemowy
- numer systemowy: a18871860
040 ## - Instytucja sporządzająca rekord
- inst. przygot. dane do rek. khw: WA M/AG
- język haseł przedmiotowych/tezaurus: DBN
- inst. wprow. rek. khw: WA M/AG
110 2# - Hasło - nazwa ciała zbiorowego
- nazwa ciała zbior. lub geogr. na pocz.: Senat RP (2005-2007)
670 ## - Źródło informacji
- źródło informacji: Senat Rzeczypospolitej Polskiej - VI kadencja : organy Senatu RP, kluby parlamentarne, biogramy senatorów / [oprac. zespół Działu Informacji Publicznej i Edukacji w składzie Joanna Baranowska et al. ; tł. Jan Weinsberg]. - Warszawa, 2006.
670 ## - Źródło informacji
- źródło informacji: http://www.senat.gov.pl/k6/pos/pos.htm